<?xml version="1.0" encoding="UTF-8"?>
<record
    xmlns:xsi="http://www.w3.org/2001/XMLSchema-instance"
    xsi:schemaLocation="http://www.loc.gov/MARC21/slim http://www.loc.gov/standards/marcxml/schema/MARC21slim.xsd"
    xmlns="http://www.loc.gov/MARC21/slim">

  <leader>01126nkm a2200373 b 4500</leader>
  <controlfield tag="001">01245</controlfield>
  <controlfield tag="003">DO-SdBNP</controlfield>
  <controlfield tag="005">20230315112401.0</controlfield>
  <controlfield tag="007"> 00286910</controlfield>
  <controlfield tag="008">060721s2010    sp                 spa  </controlfield>
  <datafield tag="016" ind1="7" ind2=" ">
    <subfield code="a"> </subfield>
    <subfield code="2">BPMSU</subfield>
  </datafield>
  <datafield tag="017" ind1=" " ind2=" ">
    <subfield code="a"> </subfield>
    <subfield code="b"> </subfield>
  </datafield>
  <datafield tag="020" ind1=" " ind2=" ">
    <subfield code="a">9788478886647</subfield>
  </datafield>
  <datafield tag="035" ind1=" " ind2=" ">
    <subfield code="a"> </subfield>
  </datafield>
  <datafield tag="040" ind1=" " ind2=" ">
    <subfield code="a">BPMSU</subfield>
    <subfield code="b">spa</subfield>
    <subfield code="c">BPMSU</subfield>
    <subfield code="e"> </subfield>
  </datafield>
  <datafield tag="082" ind1=" " ind2="4">
    <subfield code="a">823.91</subfield>
    <subfield code="b">R884H, 2010</subfield>
    <subfield code="2">22</subfield>
  </datafield>
  <datafield tag="092" ind1=" " ind2=" ">
    <subfield code="2"> </subfield>
  </datafield>
  <datafield tag="100" ind1=" " ind2=" ">
    <subfield code="4">Rowling, J. K., </subfield>
    <subfield code="e">1965-</subfield>
  </datafield>
  <datafield tag="245" ind1="1" ind2="0">
    <subfield code="a">Harry Potter y el c&#xE1;liz de fuego / </subfield>
    <subfield code="c">J. K. Rowling ; traducci&#xF3;n de Adolfo Mu&#xF1;oz Garc&#xED;a y Nieves Mart&#xED;n Azofra </subfield>
    <subfield code="h"> </subfield>
    <subfield code="b"> </subfield>
  </datafield>
  <datafield tag="250" ind1=" " ind2=" ">
    <subfield code="3">14a. ed. </subfield>
  </datafield>
  <datafield tag="260" ind1=" " ind2=" ">
    <subfield code="a">Barcelona : </subfield>
    <subfield code="b">Salamandra,</subfield>
    <subfield code="c">2010</subfield>
    <subfield code="e"> </subfield>
    <subfield code="f"> </subfield>
  </datafield>
  <datafield tag="300" ind1=" " ind2=" ">
    <subfield code="a">635 p. ;</subfield>
    <subfield code="c">22 cm.</subfield>
  </datafield>
  <datafield tag="490" ind1=" " ind2=" ">
    <subfield code="3">Harry Potter </subfield>
    <subfield code="v">4</subfield>
  </datafield>
  <datafield tag="534" ind1=" " ind2=" ">
    <subfield code="a">T&#xED;tulo original </subfield>
    <subfield code="t">Harry potter and the globet of fire.</subfield>
  </datafield>
  <datafield tag="590" ind1=" " ind2=" ">
    <subfield code="6">Inventariado, 2023/VM</subfield>
  </datafield>
  <datafield tag="650" ind1=" " ind2="4">
    <subfield code="a">Novela juvenil inglesa </subfield>
  </datafield>
  <datafield tag="650" ind1=" " ind2="4">
    <subfield code="a">Magia </subfield>
    <subfield code="v">Novela </subfield>
  </datafield>
  <datafield tag="700" ind1="1" ind2=" ">
    <subfield code="a"> Mu&#xF1;oz Garc&#xED;a, Adolfo </subfield>
    <subfield code="e">tr. </subfield>
  </datafield>
  <datafield tag="700" ind1="1" ind2=" ">
    <subfield code="a">Mart&#xED;n Azofra, Nieves </subfield>
    <subfield code="e"> tr.</subfield>
  </datafield>
  <datafield tag="830" ind1=" " ind2=" ">
    <subfield code="a">Harry Potter </subfield>
    <subfield code="3"> 4</subfield>
  </datafield>
  <datafield tag="910" ind1=" " ind2=" ">
    <subfield code="a">VMATEO V. Control de calidad (BPMSU)</subfield>
  </datafield>
  <datafield tag="942" ind1=" " ind2=" ">
    <subfield code="2">ddc</subfield>
    <subfield code="c">BK</subfield>
  </datafield>
  <datafield tag="952" ind1=" " ind2=" ">
    <subfield code="0">0</subfield>
    <subfield code="1">0</subfield>
    <subfield code="2">ddc</subfield>
    <subfield code="4">0</subfield>
    <subfield code="7">0</subfield>
    <subfield code="8">CJ-G</subfield>
    <subfield code="a">BPMET</subfield>
    <subfield code="b">BPMET</subfield>
    <subfield code="d">2016-07-20</subfield>
    <subfield code="o">BPMSU CG 823.91 R884H 2010</subfield>
    <subfield code="p">BPMSU23030020</subfield>
    <subfield code="r">2016-07-20</subfield>
    <subfield code="t">v.4 </subfield>
    <subfield code="w">2016-07-20</subfield>
    <subfield code="y">BK</subfield>
  </datafield>
  <datafield tag="980" ind1=" " ind2=" ">
    <subfield code="a"> </subfield>
    <subfield code="a"> </subfield>
    <subfield code="b"> </subfield>
    <subfield code="j"> </subfield>
    <subfield code="c"> </subfield>
  </datafield>
  <datafield tag="999" ind1=" " ind2=" ">
    <subfield code="c">10958</subfield>
    <subfield code="d">10958</subfield>
  </datafield>
</record>
